| 000 | 01338nam a2200301 c 4500 | ||
|---|---|---|---|
| 003 | BLK | ||
| 005 | 20180422114649.0 | ||
| 008 | 180411b bul|||||r ||||||| ||bul|| | ||
| 010 | _aKNG00183082000 | ||
| 040 | _aBLK | ||
| 041 |
_aBUL _cBUL |
||
| 080 |
_aОкеанология (океанография). Релеф на морското дъно - Общи въпроси, теория, наблюдения, прибори, приложна океанология, зони на морето и тяхното хоризонтално деление, морско равнище, вълни, при _b551.46 _x _z551.46 |
||
| 100 | 1 |
_aЦветков, Любомир Тодоров _eпърви автор _9367862 |
|
| 139 |
_aЦветков, Любомир Тодоров _bЦ 34 |
||
| 245 | 1 | 0 |
_aЖивото богатство на Океана _cЛюбомир Тодоров Цветков. |
| 257 | _aBGR | ||
| 260 |
_аВарна _bДърж. изд. _c1964 |
||
| 300 |
_a132 с. _bс ил. _c18 см |
||
| 380 | _a5 | ||
| 490 | 1 | _aБиблиотека за морето | |
| 650 | 4 |
_aОкеанология _9164875 |
|
| 653 | _aокеани | ||
| 852 | _aЦб І 7235 | ||
| 856 | 4 |
_qpdf _u |
|
| 856 | 4 |
_qpdf _u |
|
| 942 |
_cKNG _n0 |
||
| 944 |
_aCR _c01.10.2015 _kХристина_Везирева |
||
| 944 |
_aED _c01.10.2015 _kХристина_Везирева |
||
| 999 |
_c174590 _d174590 |
||